| 000 | 00928cam a22002771 4500 | ||
|---|---|---|---|
| 001 | 29967 | ||
| 003 | BD-RjUL | ||
| 005 | 20211209051505.0 | ||
| 008 | 140408s1960 nyua b 001 0 eng d | ||
| 035 | _a(BD-RjUL)30052 | ||
| 035 | _a(OCoLC)630696 | ||
| 040 |
_aDLC _cOHirC _dOCoLC _dIaFairM _dDLC _dBD-RjUL _beng |
||
| 041 | _aeng | ||
| 082 | 0 | 0 |
_a157.2 _bARE V-2 1960 |
| 100 | 1 |
_aArnold, Magda B. _991185 |
|
| 245 | 1 | 0 |
_aEmotion and personality / _cMagda B. Arnold. _nVolume II : _pNeurological and Physiological Aspects |
| 260 |
_aNew York : _bColumbia University Press, _c1960. |
||
| 300 |
_a430 p. : _billus. ; _c24 cm. |
||
| 504 | _aBibliography: v. 1, p. [277]-288; v. 2, p. [364]-402. | ||
| 505 | 0 | _av. 1. Psychological aspects.--v. 2. Neurological and physiological aspects. | |
| 650 | 0 |
_aEmotions. _991186 |
|
| 650 | 0 |
_aPersonality. _991187 |
|
| 942 |
_2ddc _cBK |
||
| 999 |
_c29967 _d29967 |
||